Language arts : writing assessment for the 21st century (Record no. 71707)
[ view plain ]
| 000 -CABECERA | |
|---|---|
| campo de control de longitud fija | 00613nam a2200217 a 4500 |
| 005 - FECHA Y HORA DE LA ÚLTIMA TRANSACCIÓN | |
| campo de control | 20210219153233.0 |
| 008 - ELEMENTOS DE LONGITUD FIJA--INFORMACIÓN GENERAL | |
| campo de control de longitud fija | 991125n 000 0 eng u |
| 035 ## - NÚMERO DE CONTROL DEL SISTEMA | |
| Número de control de sistema | UPN01000085121 |
| 100 ## - ASIENTO PRINCIPAL--NOMBRE PERSONAL | |
| Nombre de persona | McCurry, Niki |
| 222 ## - TÍTULO CLAVE | |
| Título clave | COMPUTING TEACHER |
| 245 ## - MENCIÓN DE TÍTULO | |
| Título | Language arts : writing assessment for the 21st century |
| 300 ## - DESCRIPCIÓN FÍSICA | |
| Extensión | 35-37 |
| 362 ## - FECHAS DE PUBLICACIÓN Y/O DESIGNACIÓN SECUENCIAL | |
| Fecha de publicación y/o designación secuencial | 1992 19, no. 7 |
| 653 0# - TERMINO DE INDIZACION - NO CONTROLADO | |
| Término no controlado | ESCRITURA (COMPOSICION) |
| 653 0# - TERMINO DE INDIZACION - NO CONTROLADO | |
| Término no controlado | INSTRUCCION DIRIGIDA EN COMPUTADORA |
| 653 0# - TERMINO DE INDIZACION - NO CONTROLADO | |
| Término no controlado | METODOS DE EVALUACION |
| 653 0# - TERMINO DE INDIZACION - NO CONTROLADO | |
| Término no controlado | PROGRAMAS DE LA COMPUTADORA |
| 700 ## - ASIENTO SECUNDARIO--NOMBRE DE PERSONAL | |
| Nombre de persona | McCurry, Alan |
| 904 ## - ELEMENTOS DE DATOS D LOCAL, LDD (RLIN) | |
| a | AC |
| b | 022932 |
| 905 ## - TIPO DE MATERIAL | |
| Tipo de material | Articulo |
No items available.
